000 00687nam a2200229 a 4500
008
020 _a075066357X(pbk.)
049 _aMAIN
090 _aHF5679
_bMAL
100 1 _aMalone, Samuel A
245 1 0 _aBetter exam results :
_b a guide for accountancy and business students
_cSamuel A. Malone
260 _aAmsterdam :
_bElsevier Ltd.,
_c2005
300 _axi, 125 p. :
_bill. ;
_c23 cm.
504 _aIncludes bibliographical references.
500 _aIncludes Index.
650 1 _aAccountancy
907 _a.b10268455
_b06-10-09
_c06-10-09
003
005 20230123124954.0
040 _cNUST
942 _cBOOKS
_kHF5679
_mMAL
999 _c133469
_d133469